Glenda's story: (Record no. 6032)

MARC details
000 -LEADER
fixed length control field 00565nam a22001937a 4500
003 - CONTROL NUMBER IDENTIFIER
control field GBCCL
005 - DATE AND TIME OF LATEST TRANSACTION
control field 20241126110554.0
008 - FIXED-LENGTH DATA ELEMENTS--GENERAL INFORMATION
fixed length control field 180420b ||||| |||| 00| 0 eng d
020 ## - INTERNATIONAL STANDARD BOOK NUMBER
International Standard Book Number 0847411540
040 ## - CATALOGING SOURCE
Transcribing agency gbc
082 ## - DEWEY DECIMAL CLASSIFICATION NUMBER
Classification number 261.83273
Item number REV
100 ## - MAIN ENTRY--PERSONAL NAME
Personal name Revell, Glenda
Dates associated with a name 1951 -
9 (RLIN) 10875
245 ## - TITLE STATEMENT
Title Glenda's story:
Remainder of title Led by grace /
Statement of responsibility, etc. Glenda Revell
260 ## - PUBLICATION, DISTRIBUTION, ETC.
Place of publication, distribution, etc. Lincoln, NE:
Name of publisher, distributor, etc. Gateway to Joy,
Date of publication, distribution, etc. 1997
300 ## - PHYSICAL DESCRIPTION
Extent 122 p.;
Other physical details ill.,
Dimensions 21 cm.
650 ## - SUBJECT ADDED ENTRY--TOPICAL TERM
Topical term or geographic name entry element Revell, Glenda
Chronological subdivision 1951 -
9 (RLIN) 10876
650 ## - SUBJECT ADDED ENTRY--TOPICAL TERM
Topical term or geographic name entry element Adult Child abuse victims
General subdivision Religious life
9 (RLIN) 2599
942 ## - ADDED ENTRY ELEMENTS (KOHA)
Source of classification or shelving scheme Dewey Decimal Classification
Koha item type Books
Holdings
Withdrawn status Lost status Source of classification or shelving scheme Damaged status Not for loan Home library Current Library Shelving location Date acquired Total checkouts Full call number Barcode Date last seen Copy number Price effective from Koha item type
    Dewey Decimal Classification     GRACE BIBLE COLLEGE GRACE BIBLE COLLEGE Ministry & Mission 2018-04-20   261.83273 REV 007443 2025-05-01 c.1 2018-04-20 Books
© Grace Bible College Library 2025